000 00681nam a2200241Ia 4500
003 OSt
005 20220918174017.0
006 a|||||r|||| 00| 0
007 ta
008 220917b |||||||| |||| 00| 0 eng d
024 _a9,784
037 _cTextual
040 _aARTS
_cARTS
_beng
041 _2eng
_aeng
082 _aQ11:21, 111K3;L3
100 _aGriffith Ralph T H
_948778
245 0 _aHymns of the Rgveda translated with a popular commentary
260 _aDelhi
_bMotilal Banarsidass
_c1973
300 _ax,707p. illus
_ccm.
650 _aRELIGION
942 _hQ11:21, 111K3;L3
_cTEXL
_2CC
999 _c151393
_d151393